000 00306 a2200121 4500
001 146597
040 _cEscola São Tomás de Aquino
100 _aBRANCO, Samuel Murgel
240 1 0 _aFlorinha e a fotossíntese
_lpor
245 1 0 _aFlorinha e a fotossíntese
697 _a*LITERATURA INFANTO
942 _cBK
999 _c146597
_d146597